000 01868nam0a22005051 4500
001 RU\NLR\A1SV\25112
005 20240921202800.0
035 _a(NLR Aleph) 009709491
090 _a9826287
_c9826287
100 _a19800301d1926 u y0rusy50 ca
101 0 _arus
102 _aRU
200 1 _aВнешняя торговля и экспортные возможности Дальневосточного края
_fСб. ст. под ред. М.Я.Кауфмана, Ф.И.Андрианова, А.Д.Гачечиладзе
210 _aМ.
_cИзд-во Наркомторга и ЭКО Дальвнешторга
_d1926
215 _a120 с.
_cтабл.
_d21 см
327 1 _aАвт.: Ф.Андрианов, П.Сахаров, А.Воробьев, А.Гачечиладзе, Н.Ланг, И.Д.Добровольский, А.Г.
620 _dМосква
702 1 _4070
_7ca
_8rus
_aАндрианов
_bФ. И.
_cпарт. и хоз. деятель, рыб. пром-сть
_f1894-1938
_gФедор Иванович
_9189337
_3RU\NLR\AUTH\770189388
702 1 _aКауфман
_bМ.Я.
_f1881-1946
_gМихаил Яковлевич
_4070
702 1 _aСахаров
_bП.
_4070
702 1 _aВоробьев
_bА.
_4070
702 1 _aГачечиладзе
_bА.Д.
_4070
702 1 _aЛанг
_bН.
_4070
702 1 _aДобровольский
_bИ.Д.
_4070
702 0 _aА.Г.
_4070
801 0 _aRU
_brnb
_c19800301
852 _aNLR
_j27/557
899 _aГПИБ
899 _aНБЛ КГУ
899 _aГОПБ
899 _aБАН
899 _aSLK
899 _aПГПБ
899 _aКирОУНБ
899 _aРКП
899 _aСПбГУ
899 _aРГБ
899 _aГАРФ
899 _aНБ РС(Я)
899 _aHokUL
899 _aLTUFS
899 _aNLG
942 _cBOOK
980 _aA1SV